Statistics for Bicolour Flags

Click here to take the quiz!

General Stats

  • This quiz has been taken 23 times
  • The average score is 15 of 16

Answer Stats

Answer% Correct
Poland
100%
Singapore
100%
Ukraine
100%
Algeria
95%
Angola
95%
Indonesia
95%
Monaco
95%
Pakistan
95%
Portugal
95%
Vatican City
95%
Belarus
90%
Liechtenstein
90%
Malta
90%
San Marino
90%
Haiti
86%
Burkina Faso
76%

Score Distribution

Percentile by Number Answered

Percent of People with Each Score

Your Score History

You have not taken this quiz